000 00487nam a2200181Ia 4500
005 20250508154128.0
008 008 250505s9999 xx 000 0 eng d
037 _aReference
040 _aFEDL
_beng
_cFEDL
041 _aeng
_2eng
084 _a001.4203, ENC/RR
_qFEDL
100 _aMonroe Walter S
245 0 _aEncyclopedia of educational research
260 _c1941
300 _axxiii,1342p.
942 _cREF
_h001.4203, ENC/RR
999 _c1347858
_d1347858